Historia de la música (Registro nro. 3415)
[ vista simple ]
| 000 -CABECERA | |
|---|---|
| Longitud fija campo de control | 01915nam a2200337 i 4500 |
| 005 - • FECHA Y HORA DE LA ÚLTIMA TRANSACCIÓN | |
| Fecha y hora de la última transacción | 20220317000218.0 |
| 008 - • CÓDIGOS DE INFORMACIÓN DE LONGITUD FIJA | |
| Códigos de información de longitud fija | 080420s2009 sp a0 sgr s spa d |
| 020 ## - • NÚMERO INTERNACIONAL NORMALIZADO PARA LIBROS | |
| Número Internacional Normalizado para Libros (ISBN) | 8423996107 |
| 040 ## - FUENTE DE LA CATALOGACIÓN | |
| Centro catalogador de origen | CO-BoRNBP |
| Lengua de catalogación | spa |
| Centro transcriptor | CO-BoRNBP |
| Normas de descripción | rda |
| 041 0# - • CÓDIGO DE LENGUA | |
| Código de lengua del texto/banda sonora o título independiente | spa |
| 082 04 - • NÚMERO DE LA CLASIFICACIÓN DECIMAL DEWEY | |
| Número de clasificación (R) | R 780.9 |
| Número del ítem | H37 |
| 245 00 - • TITULO PROPIAMENTE DICHO | |
| Título | Historia de la música |
| Resto del título | la música occidental desde la Edad Media hasta nuestros días |
| Mención de responsabilidad, etc. | dirección de Marie-Claire Beltrando-Patier ; Prólogo de Marc Honegger ; traducido por Elena del Amo |
| 250 ## - • MENCIÓN DE EDICIÓN | |
| Mención de edición | Primera edición |
| 264 #1 - PRODUCCIÓN, PUBLICACIÓN , DISTRIBUCIÓN, FABRICACIÓN Y COPYRIGHT | |
| Lugar de producción, publicación, distribución, fabricación | Madrid |
| Nombre del productor, editor, distribuidor, fabricante | Espasa-Calpe |
| Fecha de de producción, publicación, distribución, fabricación o copyright | 2009 |
| 300 ## - • DESCRIPCIÓN FÍSICA | |
| Extensión | 901 páginas |
| Otras características físicas | ilustraciones a color |
| Dimensiones | 20 cm |
| 336 ## - TIPO DE CONTENIDO | |
| Término de tipo de contenido | texto |
| Código de tipo de contenido | txt |
| Fuente | rdacontent |
| 337 ## - TIPO DE MEDIO | |
| Nombre del tipo de medio | sin mediación |
| Código del tipo de medio | n |
| Fuente | rdamedia |
| 338 ## - TIPO DE SOPORTE | |
| Nombre del tipo de soporte | volumen |
| Código del tipo de soporte | nc |
| Fuente | rdacarrier |
| 490 0# - • MENCIÓN DE SERIE | |
| Mención de serie | Espasa Siglo XXI |
| 500 ## - • NOTA GENERAL | |
| Nota general | Incluye glosario |
| 500 ## - • NOTA GENERAL | |
| Nota general | Incluye índice onomástico |
| 504 ## - • NOTA DE BIBLIOGRAFÍA, ETC | |
| Nota de bibliografía, etc. | Incluye referencias bibliográficas |
| 505 1# - • NOTA DE CONTENIDO CON FORMATO | |
| Nota de contenido con formato | El mundo medieval -- El canto gregoriano -- Trovadores y troveros -- La música de la época gótica : el siglo de San Luis -- Siglos XIV y XV -- El renacimiento -- El arte vocal en el siglo XVI -- La reforma -- Nacimiento del arte instrumental -- Arte barroco y arte clásico -- La música vocal de 1680 a 1800 -- Música instrumental barroca y clásica -- El romanticismo -- El lied y la melodía -- La ópera romántica -- El arte instrumental en el siglo XIX -- La música religiosa romántica -- El mundo contemporáneo -- La música moderna de 1900 a 1945 -- Nuevas perspectivas de 1945 a la actualidad |
| 650 17 - • PUNTO DE ACCESO ADICIONAL DE MATERIA - TÉRMINO DE MATERIA | |
| Término de materia o nombre geográfico como elemento inicial | Música occidental |
| Subdivisión de materia general | Historia |
| Subdivisión de forma | Enciclopedias |
| Fuente del encabezamiento o término | LEMB |
| 650 17 - • PUNTO DE ACCESO ADICIONAL DE MATERIA - TÉRMINO DE MATERIA | |
| Término de materia o nombre geográfico como elemento inicial | Música medieval |
| Subdivisión de forma | Enciclopedias |
| Fuente del encabezamiento o término | LEMB |
| 650 17 - • PUNTO DE ACCESO ADICIONAL DE MATERIA - TÉRMINO DE MATERIA | |
| Término de materia o nombre geográfico como elemento inicial | Música |
| Subdivisión de materia general | Historia y crítica |
| Subdivisión cronológica | Edad media, 400-1500 |
| Subdivisión de forma | Enciclopedias |
| Fuente del encabezamiento o término | LEMB |
| 700 1# - • PUNTO DE ACCESO ADICIONAL - NOMBRE DE PERSONA | |
| Nombre de persona | Beltrando-Patier, Marie-Claire, |
| Término indicativo de función | dirección |
| 700 1# - • PUNTO DE ACCESO ADICIONAL - NOMBRE DE PERSONA | |
| Nombre de persona | Honegger, Marc, |
| Término indicativo de función | prologuista |
| 700 1# - • PUNTO DE ACCESO ADICIONAL - NOMBRE DE PERSONA | |
| Nombre de persona | del Amo, Elena, |
| Término indicativo de función | traductora |
| 942 ## - ENTRADA DE ELEMENTOS AGREGADOS (KOHA) | |
| Fuente de clasificaión o esquema | Dewey Decimal Classification |
| Koha [por defecto] tipo de item | Libro Referencia |
No hay ítems disponibles.